Т. 23, № 1; Известия вузов. Прикладная нелинейная динамика

מידע ביבליוגרפי
Parent link:Известия вузов. Прикладная нелинейная динамика: научно-технический журнал. Т. 23, № 1.— , 1996-2002, 2004-
סיכום:Режим доступа: по договору с организацией-держателем ресурса
שפה:רוסית
יצא לאור: 2015
גישה מקוונת:https://elibrary.ru/contents.asp?id=34073464
פורמט: MixedMaterials אלקטרוני ספר
KOHA link:https://koha.lib.tpu.ru/cgi-bin/koha/opac-detail.pl?biblionumber=578835

MARC

LEADER 00000nam2a2200000 4500
001 578835
005 20231101130454.0
035 |a (RuTPU)RU\TPU\prd\278423 
035 |a RU\TPU\prd\278417 
090 |a 578835 
100 |a 20180625a19939999k y0rusy50 ca 
101 0 |a rus 
102 |a RU 
181 0 |a i  
182 0 |a b 
200 0 |a Т. 23, № 1  |b Электронный ресурс 
203 |a Текст  |c электронный 
210 |d 2015 
333 |a Режим доступа: по договору с организацией-держателем ресурса 
461 1 |0 (RuTPU)RU\TPU\prd\1508  |t Известия вузов. Прикладная нелинейная динамика  |o научно-технический журнал  |v Т. 23, № 1  |d 1996-2002, 2004- 
801 0 |a RU  |b 63413507  |c 20010227  |g PSBO 
801 1 |a RU  |b 63413507  |c 20130701 
801 2 |a RU  |b 63413507  |c 20180625  |g RCR 
856 4 0 |u https://elibrary.ru/contents.asp?id=34073464 
942 |c BK